header

The nun (Record no. 7450)

MARC details
000 -LEADER
fixed length control field 01541nam a22003494a 4500
001 - CONTROL NUMBER
control field ebr10271590
003 - CONTROL NUMBER IDENTIFIER
control field CaPaEBR
006 - FIXED-LENGTH DATA ELEMENTS--ADDITIONAL MATERIAL CHARACTERISTICS--GENERAL INFORMATION
fixed length control field m u
007 - PHYSICAL DESCRIPTION FIXED FIELD--GENERAL INFORMATION
fixed length control field cr cn|||||||||
008 - FIXED-LENGTH DATA ELEMENTS--GENERAL INFORMATION
fixed length control field 041012s2005 enk sb 000 1 eng
010 ## - LIBRARY OF CONGRESS CONTROL NUMBER
Canceled/invalid LC control number 2004024150
020 ## - INTERNATIONAL STANDARD BOOK NUMBER
Cancelled/invalid ISBN 0192804308 (alk. paper)
040 ## - CATALOGING SOURCE
Original cataloging agency CaPaEBR
Transcribing agency CaPaEBR
035 ## - SYSTEM CONTROL NUMBER
System control number (OCoLC)252699063
041 1# - LANGUAGE CODE
Language code of text/sound track or separate title eng
Language code of original and/or intermediate translations of text fre
050 14 - LIBRARY OF CONGRESS CALL NUMBER
Classification number PQ1979.A76
Item number E5 2005eb
082 04 - DEWEY DECIMAL CLASSIFICATION NUMBER
Classification number 843/.5
Edition number 22
100 1# - MAIN ENTRY--PERSONAL NAME
Personal name Diderot, Denis,
Dates associated with a name 1713-1784.
240 10 - UNIFORM TITLE
Uniform title <a href="Religieuse.">Religieuse.</a>
Language of a work English
245 14 - TITLE STATEMENT
Title The nun
Medium [electronic resource] /
Statement of responsibility, etc Denis Diderot ; translated with an introduction and notes by Russell Goulbourne.
260 ## - PUBLICATION, DISTRIBUTION, ETC. (IMPRINT)
Place of publication, distribution, etc Oxford ;
-- New York :
Name of publisher, distributor, etc Oxford University Press,
Date of publication, distribution, etc 2005.
300 ## - PHYSICAL DESCRIPTION
Extent xliii, 189 p.
490 1# - SERIES STATEMENT
Series statement Oxford world's classics
504 ## - BIBLIOGRAPHY, ETC. NOTE
Bibliography, etc Includes bibliographical references (p. [xxxvi]-xxxvii).
520 ## - SUMMARY, ETC.
Summary, etc "This novel takes the life of a young girl forced by her parents to enter a convent as its subject matter and provides an insight into the effects of forced vocations"--Provided by publisher.
533 ## - REPRODUCTION NOTE
Type of reproduction Electronic reproduction.
Place of reproduction Palo Alto, Calif. :
Agency responsible for reproduction ebrary,
Date of reproduction 2013.
Note about reproduction Available via World Wide Web.
-- Access may be limited to ebrary affiliated libraries.
655 #7 - INDEX TERM--GENRE/FORM
Genre/form data or focus term Electronic books.
Source of term local
700 1# - ADDED ENTRY--PERSONAL NAME
Personal name Goulbourne, Russell.
710 2# - ADDED ENTRY--CORPORATE NAME
Corporate name or jurisdiction name as entry element ebrary, Inc.
830 #0 - SERIES ADDED ENTRY--UNIFORM TITLE
Uniform title Oxford world's classics (Oxford University Press)
856 40 - ELECTRONIC LOCATION AND ACCESS
Uniform Resource Identifier <a href="http://site.ebrary.com/lib/rucke/Doc?id=10271590">http://site.ebrary.com/lib/rucke/Doc?id=10271590</a>
Public note An electronic book accessible through the World Wide Web; click to view

No items available.

© 2026 Rongo University
Contact us: librarian | system librarian | Rongo university